| 000 | 00485nam a2200205Ia 4500 | ||
|---|---|---|---|
| 008 | 210210b1934 xxu||||| |||| 00| 0 eng d | ||
| 041 | _aeng | ||
| 082 | _a825/234 | ||
| 100 | _aCUNLIFFE (J W) | ||
| 245 | _aEnglish literature in the 20th century | ||
| 260 |
_aNew York _bThe Macmillan Company _c1934 |
||
| 650 | _athe | ||
| 650 | _aliterature | ||
| 650 | _ain | ||
| 650 | _aEnglish | ||
| 650 | _acentury | ||
| 650 | _a20th | ||
| 690 | _aEnglish Criticism | ||
| 906 | _a014551 | ||
| 999 |
_c133742 _d133742 |
||